000
00223 a2200097 4500
001
38402
100
_a
Thompson J
245
_a
Strategy in action
260
_a
Great Braitin
_b
Chapman & Hall
_c
1995
090
_c
24388
_d
24388
942
_a
NUST-CAE
_c
M
_c
15989
999
_c
273475
_d
273475